Statistieken voor Landen via Vorm

Klik hier om de quiz te nemen!

Algemene statistieken

  • Deze quiz is 5.591 keer genomen
  • De gemiddelde score is 51 van 196

Antwoordstatistieken

Antwoord% Correct
Verenigde Staten
96%
Frankrijk
92%
Canada
91%
Italië
90%
Australië
89%
Noorwegen
89%
Japan
87%
Verenigd Koninkrijk
87%
Griekenland
86%
Chili
80%
China
80%
Ijsland
78%
Indonesië
78%
India
73%
Kroatië
69%
Duitsland
68%
Rusland
67%
Spanje
66%
Nederland
65%
Denemarken
64%
Filipijnen
64%
Turkije
63%
Vietnam
61%
Nieuw-Zeeland
60%
Oostenrijk
60%
Portugal
58%
Cyprus
57%
Cuba
56%
Mexico
56%
Thailand
55%
België
51%
Zuid-Afrika
47%
Zweden
47%
Brazilië
46%
Egypte
46%
Zwitserland
46%
Argentinië
45%
Marokko
44%
Somalië
43%
Oekraïne
41%
Israël
40%
Myanmar
40%
Finland
36%
Ierland
36%
Laos
36%
Mali
36%
Kazachstan
34%
Papoea-Nieuw-Guinea
33%
Senegal
33%
Bangladesh
32%
Nepal
32%
Pakistan
32%
Maleisië
31%
Gambia
30%
Madagaskar
30%
Namibië
30%
Tsjechië
30%
Democratische Republiek Congo
28%
Kosovo
27%
Bosnië en Herzegovina
26%
Polen
26%
Sri Lanka
26%
Estland
25%
Panama
25%
Taiwan
25%
Benin
24%
Iran
24%
Mozambique
24%
Oezbekistan
24%
Venezuela
24%
Haïti
23%
Libië
23%
Noord-Korea
23%
Peru
23%
Algerije
22%
Mauritanié
22%
Mongolië
22%
Roemenië
22%
Eritrea
21%
Ethiopië
21%
Moldavië
21%
Monaco
21%
Servië
21%
Tsjaad
21%
Verenigde Arabische Emiraten
21%
Albanië
20%
Angola
20%
Maldiven
20%
Colombia
19%
Luxemburg
19%
Malta
19%
Slowakije
19%
Syrië
19%
Zambia
19%
Zuid-Korea
19%
Afghanistan
18%
Belarus
18%
Irak
18%
Kameroen
18%
Soedan
18%
Vaticaanstad
18%
Bulgarije
17%
Hongarije
17%
Jordanië
17%
Letland
17%
Oman
17%
Kirgizië
16%
Niger
16%
Azerbeidzjan
15%
Bahama's
15%
Jamaica
15%
Jemen
15%
Malawi
15%
Saoedi-Arabië
15%
Tadzjikistan
15%
Tunesië
15%
Georgië
14%
Turkmenistan
14%
Gabon
13%
Ivoorkust
13%
Nicaragua
13%
Slovenië
13%
Togo
13%
Ecuador
12%
Equatoriaal-Guinea
12%
Litouwen
12%
Paraguay
12%
Republiek Congo
12%
Costa Rica
11%
Ghana
11%
Koeweit
11%
Montenegro
11%
Nigeria
11%
Noord-Macedonië
11%
Singapore
11%
Trinidad en Tobago
11%
Bolivia
10%
Burkina Faso
10%
Centraal-Afrikaanse Republiek
10%
Guinee
10%
Guyana
10%
Kaapverdië
10%
Kenia
10%
Liechtenstein
10%
Nauru
10%
Tanzania
10%
Armenië
9%
Liberia
9%
Micronesia
9%
Oost-Timor
9%
Saint Kitts en Nevis
9%
Zimbabwe
9%
Botswana
8%
Brunei
8%
Fiji
8%
Guatemala
8%
Guinee-Bissau
8%
Salomonseilanden
8%
Zuid-Soedan
8%
Antigua en Barbuda
7%
Belize
7%
Honduras
7%
Kiribati
7%
Libanon
7%
Marshalleilanden
7%
Qatar
7%
San Marino
7%
São Tomé en Príncipe
7%
Vanuatu
7%
Bahrein
6%
Burundi
6%
Cambodja
6%
Comoren
6%
Djibouti
6%
Dominicaanse Republiek
6%
El Salvador
6%
Oeganda
6%
Seychellen
6%
Suriname
6%
Tuvalu
6%
Andorra
5%
Barbados
5%
Bhutan
5%
Eswatini
5%
Grenada
5%
Palau
5%
Saint Lucia
5%
Saint Vincent en de Grenadines
5%
Samoa
5%
Sierra Leone
5%
Tonga
5%
Uruguay
5%
Dominica
4%
Lesotho
4%
Mauritius
4%
Rwanda
4%

Scoreverdeling

Percentiel versus Aantal Correcte Antwoorden

Procent van Mensen met Elke Score

Uw Scoregeschiedenis

U heeft deze quiz nog niet genomen